All Roger Federer Masters 1000 defeats - Statistics

General Stats
  • This quiz has been taken 93 times
  • The average score is 67 of 110
Answer Stats
Year Tournament Round Player % Correct
2007 Montreal F Novak Djokovic
100%
2008 Rome SF Novak Djokovic
100%
2009 Miami SF Novak Djokovic
100%
2009 Rome SF Novak Djokovic
100%
2011 Indian Wells SF Novak Djokovic
100%
2012 Rome SF Novak Djokovic
100%
2013 Paris SF Novak Djokovic
100%
2014 Indian Wells F Novak Djokovic
100%
2015 Indian Wells F Novak Djokovic
100%
2015 Rome F Novak Djokovic
100%
2018 Cincinnati F Novak Djokovic
100%
2018 Paris SF Novak Djokovic
100%
2004 Miami R32 Rafael Nadal
100%
2006 Monte Carlo F Rafael Nadal
100%
2006 Rome F Rafael Nadal
100%
2007 Monte Carlo F Rafael Nadal
100%
2008 Monte Carlo F Rafael Nadal
100%
2008 Hamburg F Rafael Nadal
100%
2010 Madrid F Rafael Nadal
100%
2011 Miami SF Rafael Nadal
100%
2011 Madrid SF Rafael Nadal
100%
2013 Indian Wells SF Rafael Nadal
100%
2013 Rome F Rafael Nadal
100%
2013 Cincinnati QF Rafael Nadal
100%
2006 Cincinnati R32 Andy Murray
96%
2008 Madrid SF Andy Murray
96%
2009 Indian Wells SF Andy Murray
96%
2010 Toronto F Andy Murray
96%
2010 Shanghai F Andy Murray
96%
2012 Shanghai SF Andy Murray
96%
2017 Montreal F Alexander Zverev
88%
2019 Shanghai QF Alexander Zverev
88%
2002 Miami F Andre Agassi
88%
2009 Montreal QF Jo-Wilfried Tsonga
88%
2011 Montreal R16 Jo-Wilfried Tsonga
88%
2014 Toronto F Jo-Wilfried Tsonga
88%
2016 Monte Carlo QF Jo-Wilfried Tsonga
88%
2016 Rome R16 Dominic Thiem
87%
2019 Indian Wells F Dominic Thiem
87%
2019 Madrid QF Dominic Thiem
87%
2009 Monte Carlo R16 Stan Wawrinka
87%
2014 Monte Carlo F Stan Wawrinka
87%
2018 Indian Wells F Juan Martín del Potro
85%
2003 Montreal SF Andy Roddick
83%
2008 Miami QF Andy Roddick
83%
2012 Miami R32 Andy Roddick
83%
2010 Paris SF Gaël Monfils
72%
2013 Shanghai R16 Gaël Monfils
72%
2015 Monte Carlo R16 Gaël Monfils
72%
2019 Rome QF Stefanos Tsitsipas
72%
2000 Toronto R64 Lleyton Hewitt
68%
2002 Paris QF Lleyton Hewitt
68%
2019 Cincinnati R16 Andrey Rublev
67%
2015 Paris R16 John Isner
67%
2013 Madrid R16 Kei Nishikori
67%
2014 Miami QF Kei Nishikori
67%
2010 Miami R16 Tomáš Berdych
65%
2011 Cincinnati QF Tomáš Berdych
65%
2003 Madrid SF Juan Carlos Ferrero
64%
2015 Madrid R32 Nick Kyrgios
64%
2002 Monte Carlo R32 David Nalbandian
61%
2003 Cincinnati R32 David Nalbandian
61%
2007 Madrid F David Nalbandian
61%
2007 Paris R16 David Nalbandian
61%
2018 Shanghai SF Borna Ćorić
60%
2014 Paris QF Milos Raonic
59%
2005 Monte Carlo QF Richard Gasquet
59%
2011 Rome R16 Richard Gasquet
59%
2000 Rome R64 Andrei Medvedev
55%
2008 Toronto R32 Gilles Simon
47%
2003 Indian Wells R64 Gustavo Kuerten
47%
2002 Cincinnati R64 Ivan Ljubičić
41%
2018 Miami R64 Thanasi Kokkinakis
41%
2008 Indian Wells SF Mardy Fish
39%
2008 Paris QF James Blake
37%
2010 Indian Wells R32 Marcos Baghdatis
36%
2001 Miami QF Patrick Rafter
33%
2003 Paris QF Tim Henman
32%
2000 Stuttgart R32 Yevgeny Kafelnikov
32%
2010 Rome R32 Ernests Gulbis
31%
2002 Toronto R64 Guillermo Cañas
28%
2007 Indian Wells R64 Guillermo Cañas
28%
2007 Miami R16 Guillermo Cañas
28%
2014 Rome R32 Jérémy Chardy
27%
2011 Monte Carlo QF Jürgen Melzer
27%
2001 Monte Carlo QF Sébastien Grosjean
25%
2015 Shanghai R32 Albert Ramos-Viñolas
24%
2009 Paris R32 Julien Benneteau
24%
2008 Cincinnati R16 Ivo Karlović
21%
2003 Miami QF Albert Costa
20%
2004 Rome R32 Albert Costa
20%
2003 Rome F Félix Mantilla
15%
2003 Hamburg R16 Mark Philippoussis
13%
2002 Indian Wells R32 Thomas Enqvist
13%
2007 Rome R16 Filippo Volandri
12%
2000 Monte Carlo R64 Jiří Novák
11%
2001 Paris R32 Jiří Novák
11%
2000 Paris R64 Dominik Hrbatý
9%
2004 Cincinnati R64 Dominik Hrbatý
9%
2002 Madrid QF Fabrice Santoro
9%
2001 Indian Wells R128 Nicolas Kiefer
8%
2000 Hamburg R64 Andrei Pavel
7%
2001 Hamburg R64 Franco Squillari
4%
2001 Rome R16 Wayne Ferreira
3%
2001 Stuttgart R32 Wayne Ferreira
3%
1999 Monte Carlo R64 Vincent Spadea
1%
2002 Rome R64 Andrea Gaudenzi
0%
1999 Miami R64 Kenneth Carlsen
0%
2000 Miami R128 Mariano Zabaleta
0%
2000 Cincinnati R64 Pato Clavet
0%
No matching quizzes found
Score Distribution
Percent of People with Each Score
Percentile by Number Answered
Your Score History
You have not taken this quiz